000 00284nam a2200109Ia 4500
008 200302s9999 xx 000 0 und d
100 _aPeter Buchanan
245 _aRenzo Piano Building Workshop Complete Works(vol2)
260 _bPhaidon Press Ltd.
260 _c2006
300 _a240 P.,
999 _c3023
_d3023